MARC

LEADER 00000nam0a2200000 4500
001 296061
005 20231102000853.0
020 |a RU  |b 83-89345 
035 |a (RuTPU)RU\TPU\book\321154 
090 |a 296061 
100 |a 20150527d1983 k a0rusy5003 ca 
101 0 |a rus 
102 |a RU 
105 |a a z 001zy 
200 1 |a Вопросы проектирования информационно-вычислительной сети гражданской авиации  |e сборник научных трудов  |f Московский институт инженеров гражданской авиации 
210 |a Москва  |c [Б. и.]  |d 1983 
215 |a 128 с.  |c ил.  |d 20 см 
320 |a Библиография в конце статей 
606 1 |a Воздушный флот,гражданский  |x Управление  |x Автоматизация  |2 stltpush  |3 (RuTPU)RU\TPU\subj\3461  |9 31883 
610 1 |a информационно-вычислительные сети 
610 1 |a проектирование 
610 1 |a данные 
610 1 |a системы передачи 
610 1 |a опытная эксплуатация 
610 1 |a продажа 
610 1 |a автоматизированные системы 
610 1 |a вычислительные ресурсы 
675 |a 656.7:658  |z rus  |v 4 
712 0 2 |a Московский институт инженеров гражданской авиации  |2 stltpush  |3 (RuTPU)RU\TPU\col\7942 
801 0 |a RU  |b RuMRKP  |c 19950704  |g psbo 
801 1 |a RU  |b 63413507  |c 20150527 
801 2 |a RU  |b 63413507  |c 20181107  |g RCR 
942 |c BK